Cuatro relatos para un naufragio: Los protagonistas de la Wager en el Golfo de Penas en 1741

שמור ב:
מידע ביבליוגרפי
Main Authors: Byron, John (Author), Cummins, John (Author), Morris, Isaac (Author), Campbell, Alexander (Author)
מחברים אחרים: Bulkeley, John (autor)
פורמט: ספר
שפה:ספרדית
יצא לאור: Santiago Septiembre Ediciones 2012
מהדורה:1a. ed
סדרה:Colección Vajes Relativos a Chile
נושאים:
תגים: הוספת תג
אין תגיות, היה/י הראשונ/ה לתייג את הרשומה!

MARC

LEADER 00000cam a2200000 a 4500
001 UCF9131
003 CL-VaPUC
008 131025e20120700cl |||||||||||||||||spa|d
020 |a 9789569118043 
082 0 4 |a 910.4  |b BYR  |2 21 
100 0 |a Byron, John  |e author  |9 421021 
700 |a Bulkeley, John  |e autor  |9 571355 
700 0 |a Cummins, John  |e author  |9 571356 
700 0 |a Morris, Isaac  |e author  |9 571357 
700 0 |a Campbell, Alexander  |e author  |9 571358 
245 1 0 |a Cuatro relatos para un naufragio: Los protagonistas de la Wager en el Golfo de Penas en 1741 
250 |a 1a. ed 
300 |a 281 p 
942 |c BK 
945 |d 20131025 12:28:00  |a dcastane 
260 |a Santiago  |b Septiembre Ediciones  |c 2012 
600 0 7 |a ANSON, ROBERT  |2 CL-VaPUC  |9 505520 
650 0 |a Viajes y expediciones   |9 408124 
650 0 |a Naufragios  |9 317857 
583 |a last modification  |c 20131025 12:28:00  |k Rodrigo Vera 
490 0 |a Colección Vajes Relativos a Chile 
999 |c 353616  |d 353614 
952 |0 0  |1 0  |3 erb  |4 0  |6 910_400000000000000_BYR_2012  |7 0  |8 A  |9 458958  |a BIBHIS  |b BIBHIS  |d 2019-11-23  |i 5021758  |l 1  |o 910.4 BYR 2012  |p 5021758  |r 2025-01-20  |s 2024-11-28  |w 2019-11-23  |y BK  |z Catalogado en:20131025  |k HIS